Представление документа в формате MARC21

Поле Инд. ПП Название Значение
Тип записи a
Библиографический уровень m
001 Контрольный номер DU/572536504
005 Дата корректировки 20260330094543.6
008 Кодируемые данные 20090527
020 00 a ISBN 978-5-534-03607-7
041 0_ a Код языка текста rus
084 a Индекс другой классификации/Индекс ББК 67.401я73
097 00 a 230
100 1_ a Автор Прокофьев С. Е.
q Полное имя Прокофьев Станислав Евгеньевич
100 1_ a Автор Панина О. В.
q Полное имя Панина Ольга Владимировна
100 1_ a Автор Еремин С. Г.
q Полное имя Еремин Сергей Геннадьевич
100 1_ a Автор Мусинова Н. Н.
q Полное имя Мусинова Нина Николаевна
245 00 a Заглавие Государственное и муниципальное управление
b Продолж. заглавия учебник и практикум для академического бакалавриата: в 2 ч.
n Номер части/ раздела Ч.2
p Название части/ раздела Муниципальное управление
c Ответственность под редакцией С. Е. Прокофьева, О. В. Паниной, С. Г. Еремина, Н. Н. Мусиновой; рецензенты В. Б. Зотов, А. М. Марголин
260 00 a Место издания Москва
b Издательство Юрайт
c Дата издания 2019
300 00 a Объем 194 с.
336 a Термин вида содержания Текст
337 a Термин типа средства электронный
440 _0 a Серия Бакалавр. Академический курс
504 a Библиография Глоссарий: с. 183. - Список рек. лит.: с. 189
521 0_ a Примеч. о целев. назн. бакалавриат
650 04 a Основная рубрика административное право
a Основная рубрика право
653 0_ a Ключевые слова государственное управление
a Ключевые слова местное самоуправление
a Ключевые слова местное управление
a Ключевые слова муниципальная власть
a Ключевые слова муниципальная деятельность
a Ключевые слова муниципальная политика
a Ключевые слова муниципальное управление
a Ключевые слова муниципальные услуги
a Ключевые слова органы местного самоуправления
a Ключевые слова Российская Федерация
a Ключевые слова Россия
655 00 a Жанр/ форма (устаревшее) учебное пособие
700 12 a Автор Зотов В. Б.
e Роль лиц рецензент
700 1_ a Автор Марголин А. М.
e Роль лиц рецензент
856 40 a Имя сервера/домена ЭБС ЮРАЙТ
d Путь https://urait.ru
i Указания/сценарий входа Доступ по логину и паролю
u URL https://urait.ru/bcode/438469
v Время доступа к ресурсу 25.03.2027
y Справочный текст Электронная версия
900 a Имя электронного ресурса obl_Prokofev_Gosudarstvennoe
x Справочная информация Обложка
900 x Справочная информация Полный текст
901 t Тип документа 0
952 a Тип литературы для КСУ ВШ УИ